| 000 | 01283nam a2200265Ia 4500 | ||
|---|---|---|---|
| 999 |
_c65424 _d65424 |
||
| 005 | 20240530110824.0 | ||
| 008 | 140319s2018 ua a 000 0 ara d | ||
| 017 |
_a2017/22071 _bمصر. دار الكتب |
||
| 020 | _a9789776543348 | ||
| 040 |
_aGCL / _cGCL |
||
| 082 | 0 | 4 |
_221 _a307.76\ _bع م |
| 100 | 0 | _aعبدالرؤوف محمد محمد اسماعيل | |
| 245 | 1 | 2 |
_aالمدينة الذكية : _bطموح ايديولوجى عربى : استراتيجية دعم التحول الرقمى وادارة البنية الذكية لدول المنطقة فى تحقيق الازدهار وجودة الحياة نحو مجتمعات متقدمة / _cعبدالرؤوف محمد محمد اسماعيل 2 |
| 250 | _aط.1 | ||
| 260 |
_aالقاهرة : _bروابط للنشر وتقنية المعلومات، _c2018 . |
||
| 300 |
_a294 ص. ؛ _c24 سم |
||
| 504 | _aيشتمل على ارجاعات ببليوجرافية | ||
| 650 | 0 | 7 |
_2qrmak _aالتجارة الالكترونية |
| 650 | 0 | 7 | _aالتعليم عن بعد |
| 651 | 0 | 7 |
_aالعالم العربى _xالاحوال السياسية |
| 653 | 0 | _aالمدن الذكية | |
| 653 | 0 | _aالادارة الذكية | |
| 942 |
_2ddc _cBK |
||